Antecedentes políticos y declaración de guerra / (Record no. 68952)

MARC details
000 -LEADER
campo de control de longitud fija 00799nam a2200217 i 4500
001 - NÚMERO DE CONTROL
campo de control 68952
003 - IDENTIFICADOR DE NÚMERO DE CONTROL
campo de control ES-MaACL
005 - FECHA Y HORA DE LA ÚLTIMA TRANSACCIÓN
campo de control 20250717063026.0
007 - CAMPO FIJO DE DESCRIPCIÓN FÍSICA--INFORMACIÓN GENERAL
campo de control de longitud fija t|
008 - DATOS DE LONGITUD FIJA--INFORMACIÓN GENERAL
campo de control de longitud fija 040817s1941 sp ||||1| spa d
100 1# - ENTRADA PRINCIPAL--NOMBRE DE PERSONA
Nombre de persona Aznar Zubigaray, Manuel,
Fechas asociadas al nombre 1894-1975
9 (RLIN) 24321
245 10 - MENCIÓN DEL TÍTULO
Título Antecedentes políticos y declaración de guerra /
Mención de responsabilidad, etc. por Manuel Aznar.
260 ## - PUBLICACIÓN, DISTRIBUCIÓN, ETC.
Lugar de publicación, distribución, etc. Madrid :
Nombre del editor, distribuidor, etc. Idea,
Fecha de publicación, distribución, etc. 1941.
300 ## - DESCRIPCIÓN FÍSICA
Extensión XIX, 354 p., [26] h. de lám., [1] h. de mapa pleg. ;
Dimensiones 27 cm.
490 1# - MENCIÓN DE SERIE
Mención de serie Historia de la Segunda Guerra Mundial ;
Designación de volumen o secuencia 1
650 04 - PUNTO DE ACCESO ADICIONAL DE MATERIA--TÉRMINO DE MATERIA
Término de materia o nombre geográfico como elemento de entrada Guerra mundial, 1939-1945-
Subdivisión general Causas y antecedentes.
9 (RLIN) 13236
651 #4 - PUNTO DE ACCESO ADICIONAL DE MATERIA--NOMBRE GEOGRÁFICO
Nombre geográfico Europa-
Subdivisión general Historia-
Subdivisión cronológica 1918-1945.
9 (RLIN) 8609
830 0# - PUNTO DE ACCESO ADICIONAL DE SERIE-TÍTULO UNIFORME
Título uniforme Historia de la Segunda Guerra Mundial ;
Designación de volumen o secuencia 1
9 (RLIN) 187548
852 ## - LOCALIZACIÓN
Ubicación ES-MaACL
Número de control de estantería P-925-1
Sublocalización o colección R.19328
Holdings
Estatus retirado Estado de pérdida Estado de daño No para préstamo Biblioteca de origen Biblioteca actual Ubicación en estantería Fecha de adquisición Fuente de adquisición Total de préstamos Signatura topográfica completa Código de barras Visto por última vez Precio de reemplazo Tipo de ítem Koha
        Biblioteca del Ateneo de Madrid Biblioteca del Ateneo de Madrid Depósito 2 17/01/2008     P-925-1 1072202 23/02/2023 23/02/2023 Libro impreso